000 00244nam a22001097a 4500
008 250429b |||||||| |||| 00| 0 eng d
050 _aJC 330
_b.Y44
100 _aYahaya, Ali D.
245 _aEffective Leadership
300 _a180p.
942 _cBK
999 _c3256
_d3256